Gli amori impossibili : romanzo /

Saved in:
Bibliografiske detaljer
Hovedforfatter: Mallet-Joris, Françoise (Author)
Andre forfattere: Compagnone, Luigi, (1915-1998), Compagnone, Anita
Format: Bog
Sprog:italiensk
Udgivet: Milano : Longanesi, [1976]
Udgivelse:2. ed
Serier:I super pocket ; 213
Tags: Tilføj Tag
Ingen Tags, Vær først til at tagge denne postø!

MARC

LEADER 00000nam a22000007i 4500
001 IT\ICCU\MOD\0832070
003 ItRI
005 20260213181421.0
008 031111s1976 it |||||| ||||| |||||c
040 |b ita  |c ct 
041 7 |a ita  |2 ISO-639-2 
100 1 |a Mallet-Joris, Françoise  |0 IT\ICCU\CFIV\003466  |4 aut 
240 1 3 |a Le rempart des beguines  |9 Mallet-Joris, Françoise 
245 1 4 |a Gli amori impossibili :  |b romanzo /  |c di Francoise Mallet-Joris ; traduzione di Anita e Luigi Compagnone. 
250 |a 2. ed 
260 |a Milano :  |b Longanesi,  |c [1976] 
300 |a 239 p. ;  |c 18 cm. 
700 1 |a Compagnone, Luigi,  |d  (1915-1998)  |0 IT\ICCU\CFIV\033636 
700 1 |a Compagnone, Anita  |0 IT\ICCU\RAVV\061512 
830 2 |a I super pocket ;  |v 213  |0 IT\ICCU\RAV\0105811 
942 |2 ddc  |c BK 
952 |0 0  |1 0  |2 ddc  |4 0  |6 B_LNR02MALFRAMO21  |7 0  |9 8956  |a MI  |b MI  |d 1988-03-03  |i 879  |l 0  |o B-LNR02-MALFR-AMO21  |p CDOM879  |r 2025-07-17 21:50:00  |w 2025-07-17  |x ACQUISTO  |y BK 
952 |0 0  |1 0  |2 ddc  |4 0  |6 B_LNR02MALFRAMO22  |7 0  |9 8957  |a MI  |b MI  |d 2014-07-17  |i 3030  |l 0  |o B-LNR02-MALFR-AMO22  |p CDOM3030  |r 2025-07-17 21:50:00  |w 2025-07-17  |x DONO  |y BK 
952 |0 0  |1 0  |4 0  |6 L_843_914000000000000_MAL  |7 0  |9 25531  |a BO  |b BO  |d 2026-01-15  |i 891  |l 0  |o L 843.914 MAL  |p BO891  |r 2026-01-15 23:24:25  |w 2026-01-15  |x [Sebina 5] [1 v.]  |y BK  |z 1 v. 
999 |c 7451  |d 7451